Uncertainty informed prediction of glaucoma onset using survival analysis models

Salvato in:
Dettagli Bibliografici
Autore principale: Záborský, Branislav (Autore)
Altri autori: Czanner, Gabriela (Relatore della tesi)
Natura: Manoscritto Libro
Lingua:slovacco
inglese
Pubblicazione: 2025
Soggetti:
Accesso online:http://is.stuba.sk/zp/portal_zp.pl?podrobnosti=183625
Tags: Aggiungi Tag
Nessun Tag, puoi essere il primo ad aggiungerne!!

MARC

LEADER 00000ntm a22000003a 4500
001 stuzp105808
003 SK-STU
005 20250607211702.6
007 ta
008 150427s2015----xo-----f-mn---000-0-slo-d
040 |a STU  |b slo 
041 0 |a eng 
100 1 |a Záborský, Branislav  |u 070200  |4 aut  |U FIIT Fakulta informatiky a informačných technológií  |T FIIT Ústav informatiky, informačných systémov a softvérového inžinierstva  |X 110915  |U I200  |Y 179  |7 110915 
242 0 1 |a Predikcia nástupu glaukómu informovaná neistotou pomocou modelov analýzy prežitia  |y slo 
245 1 0 |a Uncertainty informed prediction of glaucoma onset using survival analysis models 
260 |c 2025 
650 4 |a survival analysis  |2 eng 
650 4 |a glaucoma  |2 eng 
650 4 |a uncertainty quantification  |2 eng 
650 4 |a zelený zákal  |2 slo 
650 4 |a glaukóma  |2 slo 
650 4 |a kvantifikácia neistoty  |2 slo 
650 4 |a analýza prežitia  |2 slo 
700 1 |a Czanner, Gabriela  |u 070200  |k Z8  |4 ths  |U FIIT Fakulta informatiky a informačných technológií  |T FIIT Ústav informatiky, informačných systémov a softvérového inžinierstva  |X 111924  |U I200  |Y 179  |7 111924 
856 4 |u http://is.stuba.sk/zp/portal_zp.pl?podrobnosti=183625